| Tag |
First Indicator |
Second Indicator |
Subfields |
| LEADER |
00000cam a2200000 4500 |
| 001 |
in00000063417 |
| 005 |
20151007083051.0 |
| 008 |
800428s1908 nyua d 00010 eng d |
| 035 |
|
|
|a (OCoLC)06255034
|
| 035 |
|
|
|9 AAF8806AM
|
| 040 |
|
|
|a TXA
|c TXA
|d UtOrBLW
|
| 049 |
|
|
|a TXAM
|c [10686]
|
| 090 |
|
|
|a H41
|b .B62 1908
|
| 092 |
|
|
|a 303
|b B649n
|
| 100 |
1 |
|
|a Bliss, William Dwight Porter,
|d 1856-1926.
|
| 245 |
1 |
4 |
|a The new encyclopedia of social reform :
|b including all social-reform movements and activities,and the economic, industrial, and sociological facts and statistics of all countries and all social subjects /
|c ed. by William D. P. Bliss, editor-in-chief, and Rudolph M. Binder, PH.D., assistant editor, with the cooperation of many specialists ...
|
| 250 |
|
|
|a 4th ed.
|
| 264 |
|
1 |
|a New York,
|a London :
|b Funk & Wagnalls company,
|c 1908.
|
| 300 |
|
|
|a 3 pages ., 1321 pages including tables. ;
|c 26 cm.
|
| 336 |
|
|
|a text
|b txt
|2 rdacontent
|
| 337 |
|
|
|a unmediated
|b n
|2 rdamedia
|
| 338 |
|
|
|a volume
|b nc
|2 rdacarrier
|
| 650 |
|
0 |
|a Social sciences
|v Dictionaries.
|
| 650 |
|
0 |
|a Social problems
|x Dictionaries.
|
| 700 |
1 |
|
|a Binder, Rudolph M.
|
| 999 |
|
|
|a MARS
|
| 999 |
f |
f |
|s aa47b7fd-29f7-3d7b-a1fb-83aba34e3f30
|i 826c3252-d617-3f10-bcd0-8ce8bbbee3b6
|t 0
|
| 952 |
f |
f |
|p ric
|a Texas A&M University
|b Rellis Campus
|c Joint Library Facility
|d Remote Storage
|t 0
|e H41 .B62 1908
|h Library of Congress classification
|i unmediated -- volume
|m A14800644657
|
| 998 |
f |
f |
|a H41 .B62 1908
|t 0
|l Remote Storage
|